000 00904cam a22002175a 4500
001 L160235
008 190510s2019 xxk f 000 0 eng d
035 _a(Sirsi) u160235
041 0 _aeng
110 2 _aUnited Kingdom
_bMinistry of Housing, Communities and Local Government
245 0 0 _aTenant Fees Act 2019
_bGuidance for tenants
_h
_electronic resource]
260 _aLondon
_cHMSO
_b2019
520 _aOffers guidance to tenants regarding what charges are payable and what are prohibited payments under the 2019 Act.
590 _aNTK
650 2 4 _aTENANT FEES ACT 2019
651 4 _aENGLAND AND WALES
690 _aResidential property
_96266
690 _aLeasing/Letting
_96253
856 4 0 _http://assets.publishing.service.gov.uk/government/uploads/system/uploads/attachment_data/file/791280/TFA_Guidance_for_Tenants.pdf
_zView the item free of charge from the www.gov.uk.
942 _n0
999 _c116288
_d116288